| 000 | 00430nam a2200193Ia 4500 | ||
|---|---|---|---|
| 008 | 151119s9999||||xx |||||||||||||| ||und|| | ||
| 082 | _a823.91 | ||
| 082 | _bGKKV16525 | ||
| 100 | _aHOLLAND WILLIAM | ||
| 245 | _aMOSCOW TWILIGHT | ||
| 260 | _a-- | ||
| 260 | _b-- | ||
| 260 | _c0 | ||
| 600 | _aHOLLAND WILLIAM | ||
| 630 | _aMOSCOW TWILIGHT | ||
| 700 | _aHOLLAND WILLIAM | ||
| 730 | _aMOSCOW TWILIGHT | ||
| 942 | _cBOOK | ||
| 999 |
_c1069787 _d1069784 |
||